000
00243nam a2200097Ia 4500
001
1207617
005
20250827022829.0
008
250824s9999 xx 000 0 und d
245
0
_a
DİJİTAL TAPINAK
_c
HALUK ÖZDİL
260
_b
DESTEK YAYINLARI
999
_c
1207617
_d
1207617